00916cam a22002774a 450000100090000000300040000900500170001300800410003001000170007102000180008804000180010604200080012405000230013208200190015510000230017424500740019725000120027126000420028330000350032550400510036065000200041170000210043170000280045285600850048085600730056512149358OSt20191224131844.0000821s2001 maua b 001 0 eng  a 00064746  a9780070474345 aDLCcDLCdDLC apcc00aHB172.5b.D67 200100a339221bDOR/M aDornbusch, Rudiger10aMacroeconomics /cRudiger Dornbusch, Stanley Fischer, Richard Startz. a8th ed. aBoston, Mass. :bMcGraw-Hill,cc2001. axvii, 571 p. :bill. ;c24 cm. aIncludes bibliographical references and index. 0aMacroeconomics.1 aFischer, Stanley1 aStartz, Richard,d1952-423Publisher descriptionuhttp://www.loc.gov/catdir/description/mh021/00064746.html413Table of contentsuhttp://www.loc.gov/catdir/toc/mh021/00064746.html